ბათუმის შოთა რუსთაველის სახელმწიფო უნივერსიტეტის ბიბლიოთეკა

It's a joke but a serious one : (ბიბ.ჩანაწერი № 53536)

000 -ლიდერი
ფიქსირებული სიგრძის საკონტროლო ველი 01038nam a2200277Ia 4500
001 - საკონტროლო ნომერი
საკონტროლო ველი 20582
003 - საკონტროლო ნომრის იდენტიფიკატორი
საკონტროლო ველი GE_BSU
005 - ბოლო ოპერაციის თარიღი და დრო
საკონტროლო ველი 20210224164845.0
008 - ფიქსირებული სიგრძის მონაცემთა ელემენტები - ზოგადი ინფორმაცია
ფიქსირებული სიგრძის საკონტროლო ველი 181216s2013||||ge |||||||||||||| ||geo||
020 ## - წიგნის საერთაშორისო სტანდარტული ნომერი
International Standard Book Number 9789939831115
040 ## - კატალოგიზაციის წყარო
Transcribing agency GE_BSU
041 ## - ენის კოდი
Language code of text/sound track or separate title geo
080 ## - უნივერსალური ათობითი კლასიფიკაციის ინდექსი
Universal Decimal Classification number 373:087 I-87
245 ## - ცნობა სათაურის შესახებ
Title It's a joke but a serious one :
Remainder of title Text book middle school students /
Statement of responsibility, etc R. Alaverdyan, S. Hovhannisyan and others ; English translation M. Mikayelyan, E. Herosian.
264 ## - წარმოების, გამოცემის, დისტრიბუციის და სხვა ცნობები
გამოცემის, წარმოების, დისტრიბუციის... ადგილი Yerevan :
გამოცემის, წარმოების, დისტრიბუციის... თარიღი 2013.
300 ## - ფიზიკური აღწერა
Extent 59 p. ;
Dimensions 26 cm.
653 ## - INDEX TERM--UNCONTROLLED
Uncontrolled term It's a joke but a serious one
653 ## - INDEX TERM--UNCONTROLLED
Uncontrolled term Text book middle school students
700 ## - ADDED ENTRY--PERSONAL NAME
Personal name Alaverdyan, R.
Relator term By
9 (RLIN) 10226
700 ## - ADDED ENTRY--PERSONAL NAME
Personal name Hovhannisyan, S.
Relator term By
9 (RLIN) 10227
700 ## - ADDED ENTRY--PERSONAL NAME
Personal name Mikayelyan, M.
Relator term English translation
9 (RLIN) 10228
700 ## - ADDED ENTRY--PERSONAL NAME
Personal name Herosian, E.
Relator term English translation
9 (RLIN) 10218
710 ## - ADDED ENTRY--CORPORATE NAME
Corporate name or jurisdiction name as entry element Ministry of emergency situation of republic of Armenia crisis management state Academy
9 (RLIN) 10229
942 ## - ADDED ENTRY ELEMENTS (KOHA)
Koha item type წიგნი
Source of classification or shelving scheme
ეგზემპლარები
ჩამოწერის სტატუსი დაკარგული ეგზემპლარის სტატუსი კლასიფიკაციის წყარო ან თაროზე გაწყობის სქემა დაზიანების სტატუსი არ გაიცემა მუდმივი მდებარეობა (დაცვის ადგილი) ამჟამინდელი ადგილსამყოფელი თაროზე განთავსების ადგილი შეძენის თარიღი ღირებულება, შესყიდვის ნორმალური ფასი სრული შენახვის შიფრი შტრიხკოდი ბოლო ოპერაციის თარიღი ეგზემპლარის მიმდევრობითი ნომერი (კეტერი?) ფასის ძალაში შესვლის თარიღი ეგზემპლარის სახეობა საჯარო შენიშვნა
          ბათუმის შოთა რუსთაველის სახელმწიფო უნივერსიტეტის მთავარი ბიბლიოთეკა ბათუმის შოთა რუსთაველის სახელმწიფო უნივერსიტეტის მთავარი ბიბლიოთეკა წიგნსაცავი 2018-12-17 29.50 373:087 I-87 53885 2018-12-17 53885 2018-12-17 წიგნი 29.50 GEL.
          ბათუმის შოთა რუსთაველის სახელმწიფო უნივერსიტეტის მთავარი ბიბლიოთეკა ბათუმის შოთა რუსთაველის სახელმწიფო უნივერსიტეტის მთავარი ბიბლიოთეკა წიგნსაცავი 2018-12-17 29.50 373:087 I-87 53886 2018-12-17 53886 2018-12-17 წიგნი 29.50 GEL.
          ბათუმის შოთა რუსთაველის სახელმწიფო უნივერსიტეტის მთავარი ბიბლიოთეკა ბათუმის შოთა რუსთაველის სახელმწიფო უნივერსიტეტის მთავარი ბიბლიოთეკა წიგნსაცავი 2018-12-17 29.50 373:087 I-87 53887 2018-12-17 53887 2018-12-17 წიგნი 29.50 GEL.